MARC details
| 000 -CABECERA |
| campo de control de longitud fija |
02149nam a22002777a 4500 |
| 003 - IDENTIFICADOR DEL NÚMERO DE CONTROL |
| campo de control |
OSt |
| 005 - FECHA Y HORA DE LA ÚLTIMA TRANSACCIÓN |
| campo de control |
20260321073644.0 |
| 008 - DATOS DE LONGITUD FIJA--INFORMACIÓN GENERAL |
| campo de control de longitud fija |
201209b 1986 dr j 00| 0 eng d |
| 040 ## - FUENTE DE LA CATALOGACIÓN |
| Centro catalogador/agencia de origen |
DO-SdBNP |
| Lengua de catalogación |
spa |
| Centro/agencia transcriptor |
BNPHU |
| 082 ## - NÚMERO DE LA CLASIFICACIÓN DECIMAL DEWEY |
| Número de clasificación |
RD863.44 |
| Número de documento/Ítem |
D542d 1986 |
| 100 1# - ENTRADA PRINCIPAL--NOMBRE DE PERSONA |
| Nombre de persona |
Díaz Grullón, Virgilio, |
| Fechas asociadas al nombre |
1924-2001 |
| 9 (RLIN) |
501 |
| 245 10 - MENCIÓN DE TÍTULO |
| Título |
De niños hombres y fantasmas / |
| Mención de responsabilidad, etc. |
Virgilio Díaz Grullón ; prólogo Juan Bosch. |
| 250 ## - MENCIÓN DE EDICIÓN |
| Mención de edición |
3a. ed. |
| 260 ## - PUBLICACIÓN, DISTRIBUCIÓN, ETC. |
| Lugar de publicación, distribución, etc. |
Santo Domingo : |
| Nombre del editor, distribuidor, etc. |
Taller, |
| Fecha de publicación, distribución, etc. |
1986. |
| 300 ## - DESCRIPCIÓN FÍSICA |
| Extensión |
381 p. : |
| Otras características físicas |
il. ; |
| Dimensiones |
21 cm. |
| 490 1# - MENCIÓN DE SERIE |
| Mención de serie |
Montesinos |
| Designación de volumen o secuencia |
2 |
| 500 ## - NOTA GENERAL |
| Nota general |
Incluye datos biográficos del autor en la contracubierta. |
| 505 0# - NOTA DE CONTENIDO CON FORMATO |
| Información miscelánea |
Presentación a la primera edición -- |
| Título |
A manera de prólogo -- |
| -- |
De niños-- |
| -- |
El pozo sin fondo -- |
| -- |
El reloj -- |
| -- |
Pesadilla -- |
| -- |
El pequeño culpable -- |
| -- |
La campana rota -- |
| -- |
El aprendiz de brujo -- |
| -- |
La enemiga -- |
| -- |
Matar un ratón -- |
| -- |
Punto de vista - |
| -- |
Matum -- |
| Información miscelánea |
Hombres -- |
| Título |
Caín -- |
| -- |
Jornada completa -- |
| -- |
Edipo -- |
| -- |
La puntualidad del señor Martínez -- |
| -- |
Propiedad privada -- |
| -- |
La rebelión -- |
| -- |
Vecindad -- |
| -- |
Fiebre -- |
| -- |
El corcho sobre el río -- |
| -- |
Dos pesos para Cirilo -- |
| -- |
Un epitafio para Don Justo -- |
| -- |
A través del muro -- |
| -- |
Crónica policial -- |
| -- |
Pas de deux -- |
| -- |
Estampa folklórica -- |
| -- |
Legaslismo -- |
| -- |
El sedicioso -- |
| -- |
El uno y el otro -- |
| -- |
Biografía de un suicidia -- |
| -- |
La única verídica versión de la muerte de Jhonny Watson relatada por él mismo -- |
| -- |
Catatónico -- |
| Información miscelánea |
Y fastamas -- |
| Título |
Círculo -- |
| -- |
Su amigo Arcadio -- |
| -- |
La resignada inmortalidad de Don Cástulo -- |
| -- |
Retorno -- |
| -- |
Más allá del espejo -- |
| -- |
Doble personalidad -- |
| -- |
Ícaro -- |
| -- |
El diario inconcluso -- |
| -- |
Vertiginoso tiempo -- |
| -- |
La verdadera pesadilla -- |
| -- |
La mutación -- |
| -- |
Viaje al microcosmo -- |
| -- |
La trampa -- |
| -- |
El cuento sin título -- |
| -- |
Falso embarazo -- |
| -- |
La pareja -- |
| -- |
La broma póstuma -- |
| -- |
La invasión -- |
| -- |
El maleficio -- |
| Información miscelánea |
Los algarrobos también sueñan -- |
| Título |
Los algarrobos también sueñan |
| 590 ## - NOTA LOCAL (RLIN) |
| Nota local |
Inventariado, 2020/LP |
| 650 10 - PUNTO DE ACCESO ADICIONAL DE MATERIA--TÉRMINO DE MATERIA |
| Término de materia o nombre geográfico como elemento de entrada |
Cuentos dominicanos |
| 9 (RLIN) |
176 |
| 650 10 - PUNTO DE ACCESO ADICIONAL DE MATERIA--TÉRMINO DE MATERIA |
| Término de materia o nombre geográfico como elemento de entrada |
Literatura dominicana. |
| 9 (RLIN) |
67 |
| 700 1# - PUNTO DE ACCESO ADICIONAL--NOMBRE DE PERSONA |
| Nombre de persona |
Bosch, Juan, |
| Fechas asociadas al nombre |
1909-2001 |
| Término indicativo de función/relación |
pról. |
| 9 (RLIN) |
76555 |
| 830 #0 - PUNTO DE ACCESO ADICIONAL DE SERIE-TÍTULO UNIFORME |
| Título uniforme |
Montesinos |
| Designación de volumen o secuencia |
2 |
| 9 (RLIN) |
22896 |
| 910 ## - DATOS DE OPCIÓN DEL USUARIO (OCLC) |
| Datos de opción del usuario |
Validado. Control de calidad MMOLINA |
| 942 ## - ELEMENTOS DE PUNTO DE ACCESO ADICIONAL (KOHA) |
| Fuente del sistema de clasificación o colocación |
Dewey Decimal Classification |
| Tipo de ítem Koha |
Libro |